Rice india : (Record no. 88229)
[ view plain ]
| 000 -LEADER | |
|---|---|
| fixed length control field | 00627nas a22001937a 4500 |
| 005 - DATE AND TIME OF LATEST TRANSACTION | |
| control field | 20140901163714.0 |
| 006 - FIXED-LENGTH DATA ELEMENTS--ADDITIONAL MATERIAL CHARACTERISTICS--GENERAL INFORMATION | |
| fixed length control field | a|||||r|||| 00| 0 |
| 007 - PHYSICAL DESCRIPTION FIXED FIELD--GENERAL INFORMATION | |
| fixed length control field | ta |
| 008 - FIXED-LENGTH DATA ELEMENTS--GENERAL INFORMATION | |
| fixed length control field | 140901b xxu||||| |||| 00| 0 eng d |
| 245 ## - TITLE STATEMENT | |
| Title | Rice india : |
| Remainder of title | an AIREA periodical / |
| Statement of responsibility, etc | edited by R. Sundaresan |
| 260 ## - PUBLICATION, DISTRIBUTION, ETC. (IMPRINT) | |
| Place of publication, distribution, etc | New Delhi : |
| Name of publisher, distributor, etc | AIREA (All India Rice Exporters Association) |
| 300 ## - PHYSICAL DESCRIPTION | |
| Extent | v. |
| Dimensions | 26 cm (Pbk) |
| 310 ## - CURRENT PUBLICATION FREQUENCY | |
| Current publication frequency | Quarterly |
| 362 ## - DATES OF PUBLICATION AND/OR SEQUENTIAL DESIGNATION | |
| Dates of publication and/or sequential designation | Issue 2 April-June 2014 |
| 700 ## - ADDED ENTRY--PERSONAL NAME | |
| Personal name | Sundaresan, R, Ed. |
| 856 ## - ELECTRONIC LOCATION AND ACCESS | |
| Uniform Resource Identifier | <a href="www.airea.net">www.airea.net</a> |
| 270 ## - ADDRESS | |
| Address | 81/2, Adchini, Sri Aurobindo Marg, |
| City | New Delhi |
| Postal code | 110017 |
| Telephone number | 41071555 |
| Electronic mail address | airea.delhi@gmail.com |
| 942 ## - ADDED ENTRY ELEMENTS (KOHA) | |
| Source of classification or shelving scheme | Dewey Decimal Classification |
| Item type | Periodicals |
| Serial record | 1 |
| Withdrawn status | Lost status | Source of classification or shelving scheme | Damaged status | Not for loan | Collection code | Home library | Current library | Date acquired | Total Checkouts | Date last seen | Price effective from | Koha item type |
|---|---|---|---|---|---|---|---|---|---|---|---|---|
| Dewey Decimal Classification | Not For Loan | Non-fiction | D.B.Act.Division | D.B.Act.Division | 01/09/2014 | 01/09/2014 | 01/09/2014 | Periodicals |
